Marx-Engels: diez conceptos fundamentales en proyección histórica

Gardado en:
Detalles Bibliográficos
Autor Principal: Bagú, Sergio
Formato: Texto
Publicado: México D.F.: Nuestro Tiempo
Edición:4
Etiquetas: Engadir etiqueta
Sen Etiquetas, Sexa o primeiro en etiquetar este rexistro!

MARC

LEADER 00000 a a2200000 04500
001 24948
003
040
090 |a 175900  
100 |a Bagú, Sergio  
245 |a Marx-Engels: diez conceptos fundamentales en proyección histórica  
250 |a 4  
260 |a México D.F.:   |b Nuestro Tiempo  
300 |a 246 p.  
999 |c 13664  |d 13664